Život jako hra i umění : [to, co život přináší, vnímejte jako výzvu a udržujte si za všech okolností vnitřní klid a vyrovnanost] /
Uložené v:
| Hlavný autor: | |
|---|---|
| Médium: | Kniha |
| Jazyk: | Czech |
| Vydané: |
Bratislava :
Eugenika,
2017.
|
| Vydanie: | První vydání |
| Témy: | |
| ISBN: |
9788081004957 (brož.) |
| Fyzický popis: |
232 strán ; 24 cm. |
| Tagy: |
Pridať tag
Žiadne tagy, Buďte prvý kto otaguje tento záznam!
|
Titul je dostupný aj v ... 

MARC
| LEADER | 00000nam a2200000 a 4500 | ||
|---|---|---|---|
| 001 | 000539621 | ||
| 005 | 20170627125958.0 | ||
| 008 | 170505s2017 xr e 000 0 cze d | ||
| 020 | |a 9788081004957 (brož.) | ||
| 040 | |a SVKKK |b slo |c SVKKK |e AACR2 | ||
| 041 | 0 | |a cze | |
| 044 | |a xr |c CZ | ||
| 072 | 7 | |a 17 |x Etika. Morálna filozofia |2 konspekt | |
| 080 | |a 17.02 |2 2011 | ||
| 080 | |a 165.242.1 |2 2011 | ||
| 080 | |a 316.728-021.465 |2 2011 | ||
| 080 | |a (0.062) |2 2011 | ||
| 100 | 1 | |a Hlavička, Josef |4 aut | |
| 245 | 1 | 0 | |a Život jako hra i umění : |b [to, co život přináší, vnímejte jako výzvu a udržujte si za všech okolností vnitřní klid a vyrovnanost] / |c Josef Hlavička. |
| 250 | |a První vydání | ||
| 260 | |a Bratislava : |b Eugenika, |c 2017. | ||
| 300 | |a 232 strán ; |c 24 cm. | ||
| 504 | |a Bibliografia: s. 231-232 | ||
| 650 | 0 | 7 | |a životná harmónia |2 SVKKKPH |
| 650 | 0 | 7 | |a sebapoznanie |2 SVKKKPH |
| 650 | 0 | 7 | |a kvalita života |2 SVKKKPH |
| 655 | 7 | |a populárno-náučné publikácie |2 SVKKKPH | |
| 910 | |a svkkk | ||
| 919 | |a 978-80-8100-495-7 | ||
| 998 | |a BK | ||
| 090 | |g SCKHL |k Sklad Hlavná 10 prízemie |a IV.229269 |j 1080418 |i 2720416069 |s Absenčne | ||